Rejected Daily Trivia #6 - Statistics

General Stats
  • This quiz has been taken 182 times
  • The average score is 4 of 10
Answer Stats
Question Answer % Correct
Which kingdoms did Cnut the great lord over in the 11th century? England, Denmark and Norway
63%
Which island chain did Charles Darwin famously visit? Galápagos islands
62%
Which book begins with "In a hole in the ground there lived a hobbit"? The Hobbit
60%
What was the real name of famed pirate Blackbeard? Edward Teach
56%
What is the active ingredient in Panadol and Tylenol? Paracetamol
56%
Which Shakespeare play is Disney's Lion King loosely based on? Hamlet
40%
Which scholarly field is Judith Butler best known for influencing? Feminist theory
33%
Which of these countries did NOT ally with Germany in WW2? Yugoslavia
31%
Which comedy music act is known for their viral song "4 chords"? Axis of Awesome
16%
Which of these is NOT a nickname of Batman? The Night Lord
16%
No matching quizzes found
Score Distribution
Percent of People with Each Score
Percentile by Number Answered
Your Score History
You have not taken this quiz